000
00374nam a2200145Ia 4500
008
231129s1990||||xx |||||||||||||| ||spa||
020
_a
84-348-1269-X
040
_b
spa
082
_a
E863 K95m
100
_a
Kurtz Carmen
245
0
_a
Los mochuelos
260
_c
1990
264
_a
Madrid EspaƱa : Ediciones SM
942
_2
ddc
_c
BKS
999
_c
19848
_d
19848